Searching for solidarity- a south dialogue: (Record no. 2744)
[ view plain ]
| 000 -LEADER | |
|---|---|
| fixed length control field | 005440000a22001930004500 |
| 003 - CONTROL NUMBER IDENTIFIER | |
| control field | LK-CoMWRAF |
| 005 - DATE AND TIME OF LATEST TRANSACTION | |
| control field | 20240120114102.0 |
| 008 - FIXED-LENGTH DATA ELEMENTS--GENERAL INFORMATION | |
| fixed length control field | 230817t ||||| |||| 00| 0 eng d |
| 040 ## - CATALOGING SOURCE | |
| Original cataloging agency | LK-CoMWRAF |
| Modifying agency | LK-CoMWRAF |
| Description conventions | LK-CoMWRAF |
| 041 ## - LANGUAGE CODE | |
| Language code of text/sound track or separate title | English |
| 082 ## - DEWEY DECIMAL CLASSIFICATION NUMBER | |
| Classification number | 305.42 |
| Item number | KAN |
| 942 ## - ADDED ENTRY ELEMENTS (KOHA) | |
| Koha item type | Reports |
| 100 ## - MAIN ENTRY--PERSONAL NAME | |
| Personal name | Kannabiran, Kalpana |
| 245 ## - TITLE STATEMENT | |
| Title | Searching for solidarity- a south dialogue: |
| Remainder of title | two decades of the women's movement: a report |
| 260 ## - PUBLICATION, DISTRIBUTION, ETC. (IMPRINT) | |
| Place of publication, distribution, etc. | Secunderbad: |
| Name of publisher, distributor, etc. | Asmita, |
| 300 ## - PHYSICAL DESCRIPTION | |
| Extent | 84 p. |
| 650 ## - SUBJECT ADDED ENTRY--TOPICAL TERM | |
| Topical term or geographic name as entry element | WOMEN'S MOVEMENTS-India |
| 650 ## - SUBJECT ADDED ENTRY--TOPICAL TERM | |
| Topical term or geographic name as entry element | Feminism |
| Withdrawn status | Lost status | Damaged status | Not for loan | Permanent Location | Current Location | Date acquired | Full call number | Barcode | Koha item type |
|---|---|---|---|---|---|---|---|---|---|
| Resource center, Muslim Women's Research And Action Forum | Resource center, Muslim Women's Research And Action Forum | 2023-08-17 | 305.42 KAN | RAF3784 | Reports |

